[Event "Stockholm Chess Challenge 2019"]
[Site "Stockholm"]
[Date "2019.04.27"]
[Round "2.4"]
[White "Seo, Jung Min"]
[Black "Savitha Shri B"]
[Result "1-0"]
[WhiteElo "2386"]
[BlackElo "1895"]
[Annotator "TA"]
[PlyCount "45"]
[EventDate "2019.04.26"]
[EventType "swiss"]
[EventCountry "SWE"]
[SourceTitle "playchess.com"]
[Source "ChessBase"]
[SourceQuality "1"]

{[%evp 17,45,41,60,46,50,34,32,46,97,67,60,58,100,103,88,87,85,93,112,131,179,174,391,252,260,211,439,426,945,729]} 1. Nf3 Nf6 2. g3 c5 3. c4 Nc6 4. Bg2 e6 5. O-O Be7 6. d4 cxd4 7. Nxd4 O-O 8. Nc3 a6 9. b3 {[%cal Bb2b3,Bb3b4][%mdl 32]} Qa5 10. Bb2 {A33: Symmetrical English: 2 Nf3 Nf6 3 d4 cxd4 4 Nxd4 e6 5 Nc3 Nc6} Rb8 (10... Ba3 11. Bxa3 Qxa3 12. Na4 Rb8 13. c5 Qb4 14. Nc2 Qg4 15. Ne3 Qh5 16. Bf3 Qh3 17. Nb6 d5 18. cxd6 {1-0 (34) Gonda,L (2510)-Marszalek,M (2289) Budapest 2018}) 11. a3 Nxd4 12. Qxd4 {White is slightly better.} b5 $146 (12... b6 $14) ({Predecessor:} 12... Qc5 13. Qxc5 Bxc5 14. Na4 Be7 15. c5 b5 16. Be5 Rb7 17. Bxb7 Bxb7 {½-½ (73) Karas,M (2224)-Vojtek,V (2316) Slovakia 2018}) 13. b4 Qc7 14. c5 d6 {[%cal Rd6c5]} 15. Ne4 {[%cal Rc5d6]} dxc5 16. Nxc5 Rd8 17. Qc3 $36 {[%mdl 2048] White is really pushing.} Qb6 18. Rfd1 Bf8 19. Qf3 Nd7 $2 (19... Rxd1+ 20. Rxd1 Nd5) 20. Bd4 {Hoping for Nxd7.} Qc7 {[%cal Rd7c5]} 21. Qe3 {aiming for Nxe6!} Nxc5 $2 (21... e5) 22. Be5 $18 {[%mdl 64] [#] Skewer} ({Not} 22. bxc5 f6 $16) ({Weaker is} 22. Bxc5 Rxd1+ 23. Rxd1 Bd7 $16) 22... Bd6 (22... Rxd1+ $142 23. Rxd1 Qa7 24. bxc5 f6 25. Bxb8 Qxb8) 23. Rxd6 {Accuracy: White = 77%, Black = 15%.} 1-0

[Event "Stockholm Chess Challenge 2019"]
[Site "Stockholm"]
[Date "2019.04.27"]
[Round "2.5"]
[White "Kvaloy, Aksel Bu"]
[Black "Soham Das"]
[Result "0-1"]
[WhiteElo "2138"]
[BlackElo "2367"]
[Annotator "TA"]
[PlyCount "58"]
[EventDate "2019.04.26"]
[EventType "swiss"]
[EventCountry "SWE"]
[SourceTitle "playchess.com"]
[Source "ChessBase"]
[SourceQuality "1"]

{[%evp 23,58,41,50,55,64,37,31,41,55,-31,-37,-26,-36,-25,-40,-60,-64,-188,-186,-485,-502,-578,-560,-690,-647,-968,-458,-452,-429,-416,-362,-357,-350,-540,-530,-1074,-1065]} 1. e4 c5 2. Nf3 d6 3. d4 cxd4 4. Nxd4 Nf6 5. Nc3 a6 6. f3 e5 7. Nb3 Be6 8. Be3 Be7 9. Qd2 O-O 10. O-O-O a5 11. a4 Nc6 12. g4 Nb4 13. Kb1 {B90: Sicilian Najdorf: Unusual White 6th moves, 6 Be3 Ng4 and 6 Be3 e5} (13. g5 Nh5 14. Bb5 Rc8 15. Kb1 f5 16. gxf6 Nxf6 17. Rhg1 d5 18. Bh6 Rf7 19. Qg5 Ng4 20. Qh5 Nxh6 21. Qxh6 {1-0 (41) Yu,Y (2759)-Gao,R (2561) Tianjin 2018}) 13... Rc8 14. g5 Nh5 15. Rg1 {White is slightly better.} g6 16. Qf2 (16. Bb5 $14) 16... d5 $1 $15 {[%cal Rd5d4]} 17. exd5 Rxc3 $1 {[%mdl 64] [#] Remove Defender} 18. bxc3 Nxd5 19. Kb2 {And now c4 would win.} Qc7 $1 {[%cal Rc7c3]} 20. Bc5 (20. Rxd5 $15 Bxd5 21. Bb6) 20... Nxc3 $1 $19 21. Kxc3 $2 (21. Bb5) 21... Bxb3 22. Kxb3 $146 ({Predecessor:} 22. Rd7 Qxd7 23. Kxb3 Qd5+ {0-1 (23) Cmor,N (2014)-Janzekovic,K (1911) Ptuj 2015}) 22... Bxc5 23. Qg2 Nf4 24. Qg4 Bxg1 (24... Bd4 $142 {( -> ...Qc3+)} 25. Rxd4 exd4) 25. Qxg1 Rc8 26. c4 Qe7 {[#] Strongly threatening ...Qb4+.} 27. Qb6 Ne6 28. Qd6 (28. Ka2 $142) 28... Qxg5 {Threatens to win with ...Rd8.} 29. Bh3 Rd8 {Accuracy: White = 30%, Black = 67%.} 0-1

[Event "Stockholm Chess Challenge 2019"]
[Site "Stockholm"]
[Date "2019.04.27"]
[Round "2.6"]
[White "Sorensen, Hampus"]
[Black "Trost, Edvin"]
[Result "1-0"]
[WhiteElo "2319"]
[BlackElo "2075"]
[Annotator "TA"]
[PlyCount "95"]
[EventDate "2019.04.26"]
[EventType "swiss"]
[EventCountry "SWE"]
[SourceTitle "playchess.com"]
[Source "ChessBase"]
[SourceQuality "1"]

{[%evp 9,95,16,37,21,24,15,34,12,30,18,14,19,24,8,16,-12,0,0,40,9,13,0,0,0,0,0,0,0,50,12,29,27,31,18,102,91,173,104,113,70,74,70,64,52,73,50,160,160,160,161,168,168,233,243,547,529,597,487,601,580,810,803,796,767,733,791,756,755,782,768,731,743,867,863,785,768,905,896,813,739,2813,2744,2654,2625,2518,2462,2150,2097]} 1. d4 Nf6 2. c4 e6 3. Nf3 a6 4. Bg5 h6 5. Bxf6 (5. Bh4 g5 6. Bg3 Nh5 7. Be5 f6 8. Bg3 f5 9. e3 d6 10. Nc3 Bg7 11. Qc2 Nc6 12. d5 {½-½ (88) Grischuk,A (2772)-Andreikin,D (2712) Huaian 2017}) 5... Qxf6 6. Nc3 {E10: Blumenfeld Gambit} Bb4 7. Rc1 c5 $146 ({Predecessor:} 7... Nc6 8. e3 O-O 9. Be2 Re8 10. O-O Bf8 11. Nd2 Qd8 12. f4 {1-0 (35) Petran,P (2420)-Forintos,G (2395) Hungary 1986}) 8. a3 {White is slightly better.} (8. dxc5 {with more complications.} Bxc5 9. a3 Be7 10. e3 O-O 11. c5) 8... cxd4 9. Nxd4 Bxc3+ 10. Rxc3 Nc6 11. Nf3 O-O 12. c5 Rd8 13. Qd6 e5 14. g3 b6 15. Bg2 {[#] aiming for Nxe5!} bxc5 16. Qxf6 ({Don't play} 16. Qxc5 Rb8 $17) 16... gxf6 17. Rxc5 Rb8 18. b4 Rb5 19. Nd2 Nd4 20. Ne4 (20. e3 {seems wilder.} Rxc5 21. bxc5 Nc2+ 22. Ke2 Nxa3 23. Ne4) 20... Rxc5 21. bxc5 Kg7 (21... d5 $11 {remains equal.} 22. Nxf6+ {[%mdl 64] Double Attack} Kg7 23. Nxd5 Bb7) 22. Nd6 $36 {[%mdl 2048] Black is under strong pressure.} Ne6 (22... a5 $16) 23. O-O (23. Kd2 $18) 23... a5 24. e3 Ba6 25. Rc1 Rb8 26. Bd5 Bd3 27. h4 Rb1 (27... f5 $14) 28. Rxb1 Bxb1 29. Bxe6 fxe6 {[%mdl 4096] Endgame [#] KB-KN} 30. Nc4 $1 a4 (30... Bd3 $142 31. Nxa5 Ba6) 31. Nb6 $18 {[%mdl 64] Double Attack} Bc2 $2 (31... Kf8 {is a better chance.} 32. Nxd7+ Ke7) 32. Nxd7 {White is clearly winning.} Kf7 33. Kf1 Ke7 34. Nb6 Kd8 35. Ke1 Kc7 36. Kd2 Bb3 37. Kc3 Kc6 38. Kb4 Bd1 39. Nxa4 Be2 40. Nb6 Ba6 41. Nc4 Kd5 42. Nd6 Be2 43. Ne8 f5 44. Nc7+ Ke4 45. c6 {[%cal Bc5c6,Bc6c7][%mdl 32]} Kf3 46. Nb5 f4 47. c7 fxe3 48. fxe3 {Accuracy: White = 54%, Black = 22%.} ({Not} 48. c8=Q exf2 49. Qxe6 f1=Q $16) 1-0

[Event "Stockholm Chess Challenge 2019"]
[Site "Stockholm"]
[Date "2019.04.27"]
[Round "2.7"]
[White "Ojas Kulkarni"]
[Black "Fischer, Daniel"]
[Result "1/2-1/2"]
[WhiteElo "2240"]
[BlackElo "2339"]
[Annotator "TA"]
[PlyCount "98"]
[EventDate "2019.04.26"]
[EventType "swiss"]
[EventCountry "SWE"]
[SourceTitle "playchess.com"]
[Source "ChessBase"]
[SourceQuality "1"]

{[%evp 19,98,-12,20,14,6,4,11,22,26,0,0,0,5,-15,-19,-43,0,0,0,-18,-14,-76,-73,-83,-93,-85,-84,-90,-78,-134,-115,-206,-90,-90,-41,-27,-27,-33,-25,-27,-24,-31,-29,-43,-17,-33,-17,-50,-43,-56,-18,-57,-21,-58,-56,-113,-86,-102,-102,-116,-117,-132,-132,-132,-121,-121,-121,-121,-121,-121,-121,-121,-121,-121,0,-121,-31,-121,-111,-121,0]} 1. c4 Nf6 2. g3 e6 3. Nf3 d5 4. Bg2 Be7 5. O-O O-O 6. b3 c5 7. e3 Nc6 8. Bb2 d4 9. exd4 cxd4 10. Re1 Ne8 11. Ne5 {A14: English Opening: 1...e6 with b3 by White} (11. a3 a5 12. d3 f6 13. Nh4 g5 14. Nf3 e5 15. h4 g4 16. Nh2 f5 17. Nd2 Bf6 18. c5 Be6 19. Nc4 Nc7 20. Bxc6 Bxc4 21. Bxb7 {1-0 (34) Akopian,V (2650)-Piorun,K (2634) St Petersburg 2018}) 11... Nxe5 12. Rxe5 f6 13. Re1 {The position is equal.} e5 14. d3 Rb8 15. Nd2 Nc7 16. Rc1 $146 ({Predecessor:} 16. a3 Rf7 17. b4 b6 18. Qh5 a5 {1-0 (61) Kerr,S (2488)-Sabaev,S (2480) ICCF email 2010}) 16... Re8 17. Rc2 Na6 {And now ...Nb4 would win.} 18. a3 Nc5 $36 {[%mdl 2048] Black is more active.} 19. Bd5+ Kh8 $1 20. Qf3 (20. Ne4 $11 {keeps the balance.}) 20... a5 $17 21. Bc1 Bd7 22. b4 axb4 23. axb4 Na6 24. Ba3 (24. b5 $142 Nb4 25. Rb2) 24... Bxb4 ({Don't do} 24... Nxb4 25. Bxb4 Bxb4 26. Rb1 $15) 25. Bxb7 (25. Ra1 $17 {was called for.}) 25... Bxa3 (25... Rxb7 $19 {is more deadly.} 26. Qxb7 Bc8) 26. Bxa6 Qb6 {[#]} 27. Bb5 $1 {[%mdl 512]} Bxb5 28. cxb5 Qxb5 29. Rb1 Qd7 30. Rxb8 Rxb8 31. Nc4 Be7 32. Ra2 Kg8 33. Ra8 Rxa8 34. Qxa8+ Kf7 35. Qf3 {Nxe5+ is the strong threat.} Kg6 36. Qe4+ Qf5 37. Kg2 (37. Qc6 $15 Bb4 38. Kg2) 37... h5 38. f3 Qxe4 39. dxe4 {[%mdl 4096] Endgame KB-KN} Kf7 40. Nb2 Ke6 41. Nd3 f5 42. h3 Bd6 43. Kf2 g6 44. Kf1 Kf6 45. Kf2 Kg5 46. Kg2 Kf6 47. Kf2 {[#]} f4 ({Black should play} 47... h4 $1 $17 {[%mdl 512]} 48. g4 (48. gxh4 Kg7) 48... Bf8) 48. g4 (48. gxf4 $15 exf4 49. Ne1) 48... Ke7 49. Ke2 Kf6 {Accuracy: White = 47%, Black = 46%.} (49... Kf7 $17 50. Nb2 Ke6) 1/2-1/2

[Event "Stockholm Chess Challenge 2019"]
[Site "Stockholm"]
[Date "2019.04.27"]
[Round "2.8"]
[White "Kucuksari, Kaan"]
[Black "Crevatin, Leo"]
[Result "1-0"]
[WhiteElo "2301"]
[BlackElo "2208"]
[Annotator "TA"]
[PlyCount "49"]
[EventDate "2019.04.26"]
[EventType "swiss"]
[EventCountry "SWE"]
[SourceTitle "playchess.com"]
[Source "ChessBase"]
[SourceQuality "1"]

{[%evp 9,48,-2,13,13,10,22,26,18,50,-15,52,38,105,108,114,63,169,168,165,133,309,287,327,340,660,637,696,693,779,758,728,745,983,979,2548,2542,3379,3145,29998,29999,29999]} 1. d4 d5 2. Nf3 Nf6 3. c4 c6 4. Qc2 dxc4 5. Qxc4 Bg4 6. Nc3 {D23: Queen's Gambit Accepted: 3 Nf3 Nf6 sidelines} Nbd7 7. Bf4 e6 8. e4 {White has an edge.} Qb6 $146 ({Predecessor:} 8... Bxf3 9. gxf3 Nb6 10. Qd3 Nh5 11. Bg3 Bd6 12. Qe3 O-O 13. O-O-O Rc8 {½-½ (36) Mamedyarov,S (2733)-Le,Q (2714) Beijing 2011}) 9. O-O-O (9. Be2 $14) 9... Qb4 ({Black should play} 9... Bb4 $11) 10. Qe2 O-O-O (10... Be7 $14) 11. h3 $36 {[%mdl 2048] Black is under strong pressure.} Bh5 12. Kb1 (12. Qc2 $16) 12... Be7 (12... Nb6 $14) 13. Qc2 $18 Bxf3 14. gxf3 {[#] And now Nb5 would win.} e5 $2 (14... Nh5 $16 15. Bh2 g5) 15. dxe5 Nh5 16. Be3 {Hoping for Nd5.} Kb8 $2 (16... Bc5 17. a3 Qa5) 17. Rd4 Qa5 18. Ra4 Qxe5 19. Bxa7+ Kc8 20. Bd4 Qb8 21. Nd5 Bf6 {[#]} 22. Ba6 $1 {[%mdl 512] White threatens Qxc6+ and mate.} c5 (22... bxa6 23. Qxc6+) 23. Bxc5 {[%mdl 64] Bd6+ would kill now. Overworked Piece} Nxc5 24. Nb6+ Kc7 25. Qxc5# {Accuracy: White = 70%, Black = 12%.} 1-0

[Event "Stockholm Chess Challenge 2019"]
[Site "Stockholm"]
[Date "2019.04.27"]
[Round "2.9"]
[White "Wernberg, Hugo"]
[Black "Jogstad, Martin"]
[Result "0-1"]
[WhiteElo "2009"]
[BlackElo "2267"]
[Annotator "TA"]
[PlyCount "54"]
[EventDate "2019.04.26"]
[EventType "swiss"]
[EventCountry "SWE"]
[SourceTitle "playchess.com"]
[Source "ChessBase"]
[SourceQuality "1"]

{[%evp 14,54,26,7,12,5,30,5,29,16,22,14,30,19,130,134,167,165,206,208,215,225,210,106,337,133,137,133,124,131,135,0,0,-270,-282,-315,-307,-308,-314,-314,-297,-665,-645]} 1. e4 c5 2. Nf3 e6 3. d4 cxd4 4. Nxd4 Nc6 5. Nc3 Qc7 6. Be3 a6 7. a3 b5 8. f4 Bb7 {B48: Sicilian: Taimanov: 5 Nc3 Qc7 6 Be3 a6 without Be2} 9. Be2 (9. Nb3 Na5 10. Nxa5 Qxa5 11. Bd3 Qc7 12. O-O Nf6 13. Qe2 Bc5 14. Bxc5 Qxc5+ 15. Kh1 d5 16. e5 {½-½ (41) Nakamura,H (2780)-Harikrishna,P (2738) Palma de Mallorca 2017}) 9... Rc8 10. Nxc6 Qxc6 {The position is equal.} 11. Bf3 Qc7 12. Qd4 Ne7 13. O-O-O d5 (13... Nc6 $1 $11 {keeps the balance.} 14. Qb6 Qxb6 15. Bxb6 d6) 14. Qd2 $146 ({Predecessor:} 14. Kb1 dxe4 15. Bxe4 Bxe4 16. Qxe4 Nf5 17. Rhe1 {½-½ (16) Kuporosov,V (2445)-Szabolcsi,J (2450) Eger 1989}) 14... Rd8 15. Qf2 $1 dxe4 16. Bxe4 {Threatens to win with Bb6.} Rxd1+ 17. Rxd1 {aiming for Bb6.} Nc8 18. f5 ({White should play} 18. Bd4 $18) 18... b4 $2 (18... Bxe4 $16 19. Nxe4 exf5 20. Qxf5 Be7) 19. Bf4 $2 (19. axb4 $18 Bxb4 20. Bxb7 Qxb7 21. Bc5 Bxc5 22. Qxc5) 19... Bd6 20. Bxd6 Nxd6 21. fxe6 bxc3 ({But not} 21... Nxe4 $2 22. Nxe4 Bxe4 23. exf7+ Kf8 24. Re1) 22. Rxd6 (22. Bxb7 $1 $16 {Black must now prevent exf7+.} Qxb7 23. bxc3) 22... cxb2+ 23. Kxb2 $2 {[%mdl 8192]} (23. Kb1 $1 $11 Bxe4 24. Rd7 $1 {[%mdl 512]} Bxc2+ 25. Qxc2 Qxc2+ 26. Kxc2) 23... Bxe4 $19 24. exf7+ {[#]} Ke7 $1 25. Rd4 {[#]} Rb8+ $1 26. Kc1 Bg6 27. Rf4 $2 (27. f8=R Rxf8 28. Qe3+ Kf6 29. c4 (29. Rf4+ $2 Bf5 $19)) 27... Kf8 {Accuracy: White = 35%, Black = 40%.} 0-1

[Event "Stockholm Chess Challenge 2019"]
[Site "Stockholm"]
[Date "2019.04.27"]
[Round "3.1"]
[White "Blomqvist, Erik"]
[Black "Stupak, Kirill"]
[Result "0-1"]
[WhiteElo "2496"]
[BlackElo "2547"]
[Annotator "TA"]
[PlyCount "56"]
[EventDate "2019.04.26"]
[EventType "swiss"]
[EventCountry "SWE"]
[SourceTitle "playchess.com"]
[Source "ChessBase"]
[SourceQuality "1"]

{[%evp 12,56,24,28,25,17,34,33,24,22,31,34,39,21,36,14,35,25,28,30,31,-23,-11,-16,-13,-48,-47,-41,-16,-18,-18,-24,-19,-34,-27,-94,-73,-325,-323,-384,-402,-400,-394,-391,-393,-364,-368]} 1. e4 e6 2. d4 d5 3. Nd2 c5 4. exd5 exd5 5. Ngf3 Nc6 6. Bb5 Qe7+ 7. Be2 Nf6 {C09: French Tarrasch: 3...c5 4 exd5 exd5 5 Ngf3 Nc6} 8. O-O Qc7 9. dxc5 Bxc5 {White is slightly better.} 10. Nb3 Be7 11. Bg5 O-O 12. c3 Be6 13. Nbd4 Rae8 {[%cal Ba8e8,Be8e7,Be7d7,Bd7d5][%mdl 32]} 14. Re1 {[#]} Ne4 $146 ({Predecessor:} 14... h6 15. Bh4 {½-½ (76) Mista,A (2606)-Wojtaszek,R (2734) Poland 2017}) 15. Bxe7 (15. Be3 {is interesting.} Bc5 16. h3 a6 17. Bd3 Bd7 18. Bc2) 15... Rxe7 16. Nd2 ({White should play} 16. h3 $14) 16... Nxd4 $11 17. cxd4 Qf4 18. Nxe4 dxe4 19. d5 Rd7 20. Qd4 Rxd5 21. Qxa7 Rd2 $36 {[%mdl 2048] Black has some pressure.} 22. b4 g6 23. g3 (23. a3 $11 {keeps the balance.}) 23... Qd6 $17 24. a3 $2 {[%mdl 8192] [#]} (24. Rad1 $17 {keeps fighting.}) 24... b6 $1 $19 25. Rad1 Qd4 {aiming for ...e3.Black is winning.} 26. Qc7 e3 27. Qf4 Qxf4 ({Stronger than} 27... exf2+ 28. Qxf2 Qxf2+ 29. Kxf2 $11) 28. gxf4 {[#]} Bc4 $1 {[%mdl 512] Accuracy: White = 37%, Black = 80%.} 0-1

[Event "Stockholm Chess Challenge 2019"]
[Site "Stockholm"]
[Date "2019.04.27"]
[Round "3.2"]
[White "Maiorov, Nikita"]
[Black "Seo, Jung Min"]
[Result "1/2-1/2"]
[WhiteElo "2540"]
[BlackElo "2386"]
[Annotator "TA"]
[PlyCount "90"]
[EventDate "2019.04.26"]
[EventType "swiss"]
[EventCountry "SWE"]
[SourceTitle "playchess.com"]
[Source "ChessBase"]
[SourceQuality "1"]

{[%evp 16,90,25,14,20,4,26,8,23,0,31,4,0,-6,34,45,45,0,0,-26,-32,-25,-28,-78,-84,-75,-40,-115,-119,-114,-33,-27,-24,-43,-42,-93,-14,-66,-14,-16,0,0,0,-17,-14,-18,-2,-4,9,10,20,13,4,0,16,0,0,0,0,0,0,0,0,-50,-51,-43,-43,-43,-43,-50,-50,-87,-37,-40,0,-40,-40]} 1. d4 e6 2. c4 Nf6 3. Nf3 b6 4. e3 Bb7 5. Bd3 d5 6. O-O Nbd7 7. b3 Be7 8. Nc3 O-O 9. Bb2 a6 {E14: Queen's Indian: Classical Variation (4 e3)} (9... c5 10. cxd5 Nxd5 11. Nxd5 Bxd5 12. Rc1 Rc8 13. Qe2 cxd4 14. Nxd4 Rxc1 15. Rxc1 Nc5 16. Bb5 Qa8 17. b4 a6 18. Bc4 Na4 19. Bxd5 Qxd5 {1-0 (30) Grischuk,A (2772)-Yu,Y (2751) Huaian 2017}) 10. Qe2 Bd6 11. Rfd1 Ne4 {The position is equal.} 12. Na4 Qe7 13. Rac1 f5 14. Ne5 {[#]} Bxe5 $146 ({Predecessor:} 14... dxc4 15. Nxc4 Bxh2+ 16. Kxh2 {½-½ (63) Danielian,E (2400)-Galliamova,A (2502) Plovdiv 2003}) 15. dxe5 dxc4 16. bxc4 Bc6 17. Bc2 Qb4 $36 {[%mdl 2048] Black is more active.} 18. a3 Qa5 19. f3 Bxa4 20. fxe4 {Black must now prevent Bc3!} Bxc2 21. Rxd7 (21. Qxc2 $15 Nc5 22. exf5) 21... Bxe4 $17 22. Rxc7 {[#]} Rac8 (22... Rad8 $1 $17 {[%cal Rd8d2]} 23. Bd4 Rc8 24. Rxc8 Rxc8) 23. Rd7 $15 Qa4 24. Rd6 Rc6 25. Qd2 (25. h3 $15) 25... h6 (25... Rxc4 $17 {Threatens to win with ...Rfc8.} 26. Rxe6 {[#]} Bxg2 $1 {[%mdl 512]} 27. Kxg2 Rg4+ 28. Kf1 Qb5+ 29. Kf2 f4) 26. Rd4 (26. Qb4 $11 Qxb4 27. axb4) 26... Rc5 ({Black should try} 26... a5 $15) 27. Qb4 $11 Qxb4 28. axb4 Rc6 29. Ba3 Rfc8 30. Kf2 Kf7 31. h4 Kg6 {[#]} 32. g4 $1 {[%mdl 512]} h5 (32... fxg4 33. Rxe4) 33. gxf5+ Bxf5 34. Kg2 Kh6 35. Kg3 g5 36. c5 bxc5 37. bxc5 gxh4+ 38. Kxh4 Rg8 39. Rf1 Rc7 40. Bc1 $1 Rxc5 41. Bd2 {Hoping for e4+.} Rg4+ 42. Rxg4 Bxg4 43. e4+ Kg7 44. Bb4 Rc7 45. Bf8+ Kg8 {Accuracy: White = 38%, Black = 41%.} 1/2-1/2

[Event "Stockholm Chess Challenge 2019"]
[Site "Stockholm"]
[Date "2019.04.27"]
[Round "3.3"]
[White "Soham Das"]
[Black "Jogstad, Martin"]
[Result "1/2-1/2"]
[WhiteElo "2367"]
[BlackElo "2267"]
[Annotator "TA"]
[PlyCount "116"]
[EventDate "2019.04.26"]
[EventType "swiss"]
[EventCountry "SWE"]
[SourceTitle "playchess.com"]
[Source "ChessBase"]
[SourceQuality "1"]

{[%evp 24,116,0,0,10,19,25,0,0,-16,-22,-50,-28,-92,-67,-93,-95,-172,-62,-67,-68,-54,-44,-73,-11,-74,-16,-77,-5,-81,45,46,60,46,56,59,241,60,60,45,45,45,45,45,46,46,46,46,46,45,46,46,46,46,46,52,45,45,90,90,90,75,90,90,110,110,110,-44,264,66,75,66,118,0,0,0,0,0,0,0,0,0,0,0,0,0,0,0,0,0,0,0,0,0,0]} 1. e4 c5 2. Nf3 e6 3. d3 Nc6 4. g3 d5 5. Qe2 Be7 6. Bg2 Nf6 7. O-O O-O 8. e5 Nd7 9. c4 d4 10. h4 Qc7 11. Bf4 b6 12. Nbd2 Bb7 13. Rfe1 Rae8 {C00: French: Unusual White 2nd moves} (13... Rfb8 14. Ne4 Qd8 15. h5 h6 16. g4 Nb4 17. Qd2 b5 18. a3 Nc6 19. g5 Na5 20. Nf6+ gxf6 21. gxf6 {0-1 (31) De Jong,M (2339)-Leenhouts,K (2483) Dieren 2018}) 14. a3 $146 ({Predecessor:} 14. Nf1 Qc8 15. N1h2 f5 16. exf6 Bxf6 17. Bd6 Rf7 18. Ng5 Bxg5 19. hxg5 Nd8 20. Bxb7 Nxb7 21. Bf4 {0-1 (40) Sabahi,A (1896)-Tarlabasi,E (2060) Antalya 2018}) 14... Qb8 15. Nh2 Bd8 16. Qg4 Bc7 {[%cal Rc7e5]} 17. Ndf3 f5 ({Reject} 17... Ncxe5 $6 18. Nxe5 Bxe5 19. Rxe5 $1 $16 {[%mdl 512]}) 18. Qh5 (18. exf6 $11 Nxf6 19. Bxc7 Qxc7 20. Qg5) 18... Re7 $1 $36 {[%mdl 2048] Black has the initiative.} 19. Ng5 {[%csl Gg5][%cal Rh5h7]} h6 {[%cal Rc6e5]} 20. Nhf3 (20. Ngf3 $17) 20... Qe8 ({Better is} 20... Rfe8 $19 21. Nh3 Qa8) 21. Qxe8 $15 Rexe8 22. Nh3 a5 23. h5 Rb8 (23... a4 $1 $17) 24. Re2 (24. a4 $11) 24... Rfe8 ({Black should try} 24... a4 $1 $17) 25. Rae1 (25. a4 $11) 25... Nd8 (25... a4 $17) 26. b4 (26. a4 $1 $11 {keeps the balance.}) 26... Nf7 (26... Bxf3 $17 27. Bxf3 cxb4 28. axb4 axb4) 27. b5 $14 Kh7 28. a4 Nf8 29. Nh4 Bd8 $2 {[#]} (29... Bxg2 $14 30. Kxg2 Rb7) 30. Bxb7 $2 (30. Nxf5 $1 $18 {[%mdl 512] Hoping for Nd6.} Bxg2 (30... exf5 31. e6) 31. Kxg2) 30... Rxb7 31. Nf3 g5 {Threatens to win with ...g4.} 32. hxg6+ $1 Nxg6 33. Kg2 Rg8 34. Rh1 Kg7 35. Bd2 Rh8 36. Ree1 Re7 37. Nf4 Nxf4+ 38. Bxf4 Ree8 39. Rh5 (39. Bc1 {is more complex.} Reg8 40. Ba3 Kg6 41. Kf1 Kg7 42. Rh2) 39... Bg5 40. Reh1 Bxf4 41. gxf4 Reg8 42. Nd2 Kf8+ 43. Kf3 Rg4 44. Ne4 Ke7 45. Ng5 $2 {[#]} (45. R5h2 $16) 45... Rg8 $2 {[%mdl 8192] [#]} ({Much worse is} 45... hxg5 46. Rxh8 Nxh8 47. Rxh8 $11) (45... Rxf4+ $1 $15 {[%mdl 512] stays ahead.} 46. Kxf4 hxg5+ 47. Kg3 Rxh5 48. Rxh5 Nxe5) 46. Nxf7 $2 (46. Rxh6 $1 $18 R4xg5 47. fxg5) 46... Kxf7 47. Rxh6 $18 {[%mdl 4096] Endgame Strongly threatening Rf6+. KRR-KRR} R4g6 ({Black should play} 47... R8g6 $14) 48. Ke2 (48. Rh7+ $16 R6g7 49. R7h6) 48... Rxh6 $11 {The position is equal.} 49. Rxh6 {KR-KR} Rg6 50. Rh7+ Rg7 51. Rh5 Rg6 52. Kf1 Kg7 53. Rh3 Rh6 54. Rg3+ Kf7 55. Kg2 Rh4 56. Rg5 Rh6 57. f3 Rh4 58. Rg3 Rh6 {Accuracy: White = 26%, Black = 52%.} 1/2-1/2